Geologické vedy v scientimetrickom hodnotení

Bibliographic Details
Main Author: Hovorka, Dušan, 1933- (Author)
Format: Article
Language:Slovak
ISSN:0369-2086
Subjects:

MARC

LEADER 00000nab a2200000 a 4500
001 vtls000518502
003 SK-MaSNL
005 20260304094902.0
008 250425c1994 xo 0 slo
015 |a SNBRB19rr/mm-uuuuu 
035 |a CL0518640 
035 |a (urnnbn)urn:nbn:sk:snk:ar-005lui 
035 |a (uuid)06ae952b-30cc-4fd9-b50a-c25a8115a11a 
035 |a urn:nbn:sk:snk-ab8190 
040 |a SNKBUCL  |b slo  |c SNKBUCL  |e AACR2 
041 0 |a slo 
044 |a xo  |c SK 
080 |a 55(437.6)  |2 1981 
100 1 |a Hovorka, Dušan,  |d 1933-  |4 aut  |9 103845 
245 1 0 |a Geologické vedy v scientimetrickom hodnotení  |c Dušan Hovorka 
500 |a Článok je neúplný 
650 0 7 |a geologické vedy  |2 snkbucl  |9 68162 
655 7 |a články z novín a časopisov  |2 snkbucl  |9 267496 
773 0 |t Mineralia slovaca  |g Roč. 26, č. 1 (1994)  |g S. 1-2  |x 0369-2086  |x 0369-2086 
773 0 |t [Príl.] Geovestník  |g Roč. 26, č. 1 (1994)  |g S. 1-2  |x 0369-2086  |x 0369-2086 
850 |a Slovenská národná knižnica 
852 |a Slovenská národná knižnica 
954 |a odborná, vedecká literatúra pôvodná (slovenská)  |2 lita 
958 |a article9 
958 |a RK 
958 |a OND 
958 |a EUIPO 
992 |a RBX 
999 |c 2829485  |d 2831415